000 00536nam a2200181 i 4500
001 46820
003 ES-MaACL
005 20230906161443.0
007 t|
008 030401s1968 sp ||||1| cat d
100 1 _aConquet, André.
_940213
245 1 0 _aCom es participa en una reunió /
_cAndré Conquet ; versió catalana de Josep Oliveras.
250 _a1ª ed.
260 _aBarcelona :
_bNova Terra,
_c[1968]
300 _a60 p. :
_bil. ;
_c21 cm.
700 1 _aOliveras, Josep.
_986860
852 _aES-MaACL
_jC-48360
_bR.66198
999 _c46820
_d46820